Smart cities, big data and the built environment (Record no. 116004)

MARC details
000 -LEADER
fixed length control field 01622cad a22003375a 4500
001 - CONTROL NUMBER
control field L159564
008 - FIXED-LENGTH DATA ELEMENTS--GENERAL INFORMATION
fixed length control field 100415u20170410xxk g 000 0 eng d
035 ## - SYSTEM CONTROL NUMBER
System control number (Sirsi) u159564
041 0# - LANGUAGE CODE
Language code of text/sound track or separate title eng
110 ## - MAIN ENTRY--CORPORATE NAME
Corporate name or jurisdiction name as entry element Royal Institution of Chartered Surveyors
9 (RLIN) 4900
245 00 - TITLE STATEMENT
Title Smart cities, big data and the built environment
Remainder of title what's required?
Medium [electronic resource]
260 ## - PUBLICATION, DISTRIBUTION, ETC.
Place of publication, distribution, etc. London
Name of publisher, distributor, etc. RICS
Date of publication, distribution, etc. 2017
490 #0 - SERIES STATEMENT
Series statement RICS Research
520 ## - SUMMARY, ETC.
Summary, etc. Examines the development of data platforms in the UK and internationally, and determines how professionals in the built environment can benefit from these data platforms. Research identifies four key barriers to the development of big data projects in the built environment. A lack of consistency in the definitions and measurement of built environment big data, a low level of built environment sector business engagement, the lack of interoperability between different varieties of datasets, the present lack of a 'bottom-up', and demand-focused approach to the smart cities agenda.
590 ## - LOCAL NOTE (RLIN)
Local note KA NTK
650 24 - SUBJECT ADDED ENTRY--TOPICAL TERM
Topical term or geographic name entry element SMART CITIES
650 24 - SUBJECT ADDED ENTRY--TOPICAL TERM
Topical term or geographic name entry element BIG DATA
650 24 - SUBJECT ADDED ENTRY--TOPICAL TERM
Topical term or geographic name entry element OPEN DATA
651 #4 - SUBJECT ADDED ENTRY--GEOGRAPHIC NAME
Geographic name United Kingdom
651 #4 - SUBJECT ADDED ENTRY--GEOGRAPHIC NAME
Geographic name International
690 ## - LOCAL SUBJECT ADDED ENTRY--TOPICAL TERM (OCLC, RLIN)
Topical term or geographic name as entry element Planning and development
9 (RLIN) 6259
700 1# - ADDED ENTRY--PERSONAL NAME
Personal name Dixon, Tim
700 1# - ADDED ENTRY--PERSONAL NAME
Personal name Wetering, Jorn van de
700 1# - ADDED ENTRY--PERSONAL NAME
Personal name Sexton, Martin
700 1# - ADDED ENTRY--PERSONAL NAME
Personal name Lu, Shu-Ling
700 1# - ADDED ENTRY--PERSONAL NAME
Personal name Williams, D.
700 1# - ADDED ENTRY--PERSONAL NAME
Personal name Duman, Dilek Ulutas
700 1# - ADDED ENTRY--PERSONAL NAME
Personal name Chen, Xueying
856 40 - ELECTRONIC LOCATION AND ACCESS
Uniform Resource Identifier <a href="https://www.rics.org/news-insights/wbef/big-data-smart-cities-understanding-the-challenges-and-embracing-change">https://www.rics.org/news-insights/wbef/big-data-smart-cities-understanding-the-challenges-and-embracing-change</a>
Public note View free on RICS.org
942 ## - ADDED ENTRY ELEMENTS (KOHA)
Suppress in OPAC 0
Source of classification or shelving scheme Dewey Decimal Classification
Holdings
Withdrawn status Lost status Source of classification or shelving scheme Damaged status Not for loan Home library Current library Shelving location Date acquired Total Checkouts Full call number Barcode Date last seen Copy number Price effective from Koha item type
    Dewey Decimal Classification     Virtual Virtual Online 11/09/2017   ONLINE PUBLICATION 159564-2001 23/11/2023 1 06/08/2019 Book